| 000 | 01033nam a2200277Ia 4500 | ||
|---|---|---|---|
| 003 | OSt | ||
| 005 | 20220923210941.0 | ||
| 006 | a|||||r|||| 00| 0 | ||
| 007 | ta | ||
| 008 | Pun | ||
| 020 |
_a8123746628 _c185 |
||
| 024 | _a260,649 | ||
| 037 |
_b528, 02/12/2011, H.K. Prakashan _cTextual |
||
| 040 |
_aARTS _cARTS _bPun |
||
| 041 |
_2Pun _aPun |
||
| 082 | _aO153,1(Delta73)w, P6 | ||
| 100 |
_aਸਿੰਗਲ, ਧਰਮਪਾਲ; ਸਿੰਘ, ਬਲਦੇਵ, ਬੱਦਨ _9156497 |
||
| 245 | 0 | _aਪੰਜਾਬ ਦੇ ਸੰਤ ਕਵੀ | |
| 260 |
_aਦਿੱਲੀ _b ਨੈFਨਲ ਬੁਕ ਟਰੱਸਟ _c2006 |
||
| 300 |
_a635ਪੰ _ccm. |
||
| 650 |
_a ਜ਼.ੳਨ. ਸੱਞ੍ਹFੲ _9156498 |
||
| 650 |
_a ਪੰਜਾਬੀ ਕਾਵਿ _9156368 |
||
| 650 | _aਪੰਜਾਬੀ ਸਾਹਿਤ | ||
| 942 |
_hO153,1(Delta73)w, P6 _cTEXL _2CC |
||
| 999 |
_c293142 _d293142 |
||